000 01254cam a22002054a 4500
005 20250605164053.0
008 250528s ||||||||||||||||||||||||d
035 _a17348
020 _a135745594
040 _aGR-AtMCL
_bgre
_dGR-AtMCL
_eAACR2
245 1 _aEuropean Business Cultures
250 _a1st
260 _bPrentice Hall,
_c2000
300 _a218
520 _aThis book provides an insight into the social, economic and political perspectives of countries in East and West Europe. Foreword, Acknowledgements, The European Union, Germany and Europe, France in Europe, Spain, United Kingdom: A Pebble in the Maelstrom?, The Netherlands, The Former EFTA Countries: The Failure of Loose Federation, Switzerland and Europe, Sweden in Europe, Central and Eastern Europe: From Disintegration to Unity?, Coping with Russia as a Bad Fit, Ukraine, Hungary: From Goulash Communism to Goulash Capitalism, Europe Seen from Abroad: An Emerging or Stumbling Giant?, US/ EU Relations in the Last Decade: Fortress Europe to the Transatlantic Business Dialogue, India and Europe: A Distance Embrace, Europe Through Japanese Eyes, Statistical Appendix, Index.
700 1 _aCrane Robert
_93505
942 _cBK
999 _c2774
_d2774